<?xml version="1.0" encoding="UTF-8"?><?xml-stylesheet type="text/xsl" href="static/style.xsl"?><OAI-PMH xmlns="http://www.openarchives.org/OAI/2.0/" xmlns:xsi="http://www.w3.org/2001/XMLSchema-instance" xsi:schemaLocation="http://www.openarchives.org/OAI/2.0/ http://www.openarchives.org/OAI/2.0/OAI-PMH.xsd"><responseDate>2026-06-01T13:13:51Z</responseDate><request verb="GetRecord" identifier="oai:riuma.uma.es:10630/44774" metadataPrefix="marc">https://riuma.uma.es/rest/oai/request</request><GetRecord><record><header><identifier>oai:riuma.uma.es:10630/44774</identifier><datestamp>2026-01-24T00:45:32Z</datestamp><setSpec>com_10630_2254</setSpec><setSpec>col_10630_37953</setSpec></header><metadata><record xmlns="http://www.loc.gov/MARC21/slim" xmlns:dcterms="http://purl.org/dc/terms/" xmlns:doc="http://www.lyncode.com/xoai" xmlns:xsi="http://www.w3.org/2001/XMLSchema-instance" xsi:schemaLocation="http://www.loc.gov/MARC21/slim http://www.loc.gov/standards/marcxml/schema/MARC21slim.xsd">
   <leader>00925njm 22002777a 4500</leader>
   <datafield ind2=" " ind1=" " tag="042">
      <subfield code="a">dc</subfield>
   </datafield>
   <datafield ind2=" " ind1=" " tag="720">
      <subfield code="a">Capdevila, Elisabet</subfield>
      <subfield code="e">author</subfield>
   </datafield>
   <datafield ind2=" " ind1=" " tag="720">
      <subfield code="a">Portell, Mariona</subfield>
      <subfield code="e">author</subfield>
   </datafield>
   <datafield ind2=" " ind1=" " tag="720">
      <subfield code="a">Penelo, Eva</subfield>
      <subfield code="e">author</subfield>
   </datafield>
   <datafield ind2=" " ind1=" " tag="720">
      <subfield code="a">Rodríguez-Bailón</subfield>
      <subfield code="e">author</subfield>
   </datafield>
   <datafield ind2=" " ind1=" " tag="720">
      <subfield code="a">Ródríguez-Bailón, María</subfield>
      <subfield code="e">author</subfield>
   </datafield>
   <datafield ind2=" " ind1=" " tag="260">
      <subfield code="c">2024</subfield>
   </datafield>
   <datafield ind2=" " ind1=" " tag="520">
      <subfield code="a">Aims
To analyse the measurement properties of the Spanish version of the COPM (Canadian Occupational Performance Measure) in older adult rehabilitation inpatients.

Method
A sample of 172 users from 17 inpatient care facilities for older adults (47% nursing homes) participated in a quantitative prospective study. We examined validity by correlating the COPM with the Barthel Index (BI), the Lawton Instrumental Activities of Daily Living scale (IADL), the EuroQol-five domains-three level questionnaire (EQ-5D-3L), and the Client-Centred Rehabilitation Questionnaire (CCRQ) and by examining associations with demographic variables. Reliability was evaluated through test-retest and responsiveness through differences in change scores in two types of care facilities.

Results
Participants prioritised 637 occupational performance problems, mainly in the area of self-care (70.5%). The COPM scale scores were significantly correlated with BI, IADL, EQ-5D-3L (except the pain dimension), and CCRQ (except the family involvement and continuity dimensions). COPM scores did not show statistically significant differences concerning educational level. Regarding reliability, high test-retest correlations were obtained (>.80). Nursing home users showed less responsiveness to rehabilitation than other users (change score &lt; 2 vs. > 2 points).

Conclusion and significance
The Spanish COPM provides satisfactory measurement properties as a client-centred instrument in older adult rehabilitation inpatient.</subfield>
   </datafield>
   <datafield ind1="8" ind2=" " tag="024">
      <subfield code="a">Capdevila, E., Portell, M., Penelo, E., &amp; Rodríguez-Bailón, M. (2024). Measurement properties of the Spanish COPM in older adult rehabilitation inpatients. Scandinavian Journal of Occupational Therapy, 31(1), 2377175. https://doi.org/10.1080/11038128.2024.2377175</subfield>
   </datafield>
   <datafield ind1="8" ind2=" " tag="024">
      <subfield code="a">https://hdl.handle.net/10630/44774</subfield>
   </datafield>
   <datafield ind1="8" ind2=" " tag="024">
      <subfield code="a">10.1080/11038128.2024.2377175</subfield>
   </datafield>
   <datafield tag="653" ind2=" " ind1=" ">
      <subfield code="a">Ancianos - Protección, asistencia, etc.</subfield>
   </datafield>
   <datafield ind2="0" ind1="0" tag="245">
      <subfield code="a">Measurement properties of the Spanish COPM in older adult rehabilitation inpatients.</subfield>
   </datafield>
</record>
</metadata></record></GetRecord></OAI-PMH>